Ricostruisci la Carriera del Calciatore - Amadou Diawara - Statistics

Statistiche generali
  • Questo quiz è stato fatto 19 volte
  • Il punteggio medio è 3 su 5
Statistiche sulle risposte
Hint Risposta % Corretto
2022- Anderlecht
78%
2019-2022 Roma
67%
2015 San Marino
56%
2015-2016 Bologna
44%
2016-2019 Napoli
33%
Nessun quiz corrispondente trovato
Distribuzione punteggi
Percentuale di utenti per punteggio
Percentile per numero di risposta
I tuoi punteggi nel tempo
Non hai fatto questo quiz